| 000 | 00421nam a2200145 a 4500 | ||
|---|---|---|---|
| 001 | 000039537 | ||
| 005 | 20201002031707.0 | ||
| 008 | 130705s1996 xxu 000 0 spa d | ||
| 040 |
_aDO-SdBNP _bspa _cBNPHU |
||
| 082 | _axxx | ||
| 100 | 1 |
_aEchavarría, Nelson _965704 |
|
| 245 | 1 | 3 |
_aEl festín de los buitres / _cNelson Echavarría. |
| 260 |
_aEstados Unidos : _bLatin Eco Publishing, _c1996. |
||
| 300 |
_a560 p.; : _b23 cm. |
||
| 999 |
_c39027 _d39027 |
||